00330 a2200109 4500001000700000020000600007040001100013100004200024240007500066245007000141362000900211167763 a  cMagnum aMoreira, Antonio Flavio Barbosa (Org)10aConhecimento educacional e formacao do professor: questoes atuaislpor10aConhecimento educacional e formacao do professor: questoes atuais0 a1899